[Event "World Rapid 2022"]
[Site "Almaty KAZ"]
[Date "2022.12.26"]
[Round "4.57"]
[White "Brunello, Sabino"]
[Black "Aleksandrov, Aleksej"]
[Result "1/2-1/2"]
[WhiteTitle "GM"]
[BlackTitle "GM"]
[WhiteElo "2519"]
[BlackElo "2495"]
[WhiteFideId "813613"]
[BlackFideId "13500139"]
[EventDate "2022.12.26"]

1. d4 d5 2. c4 e6 3. Nf3 Nf6 4. Nc3 Bb4 5. Qa4+ Nc6 6. e3 O-O 7. Bd2 a6 8. Qc2
Qe7 9. a3 Bxc3 10. Bxc3 Ne4 11. Bd3 Nxc3 12. Qxc3 dxc4 13. Qxc4 a5 14. Rc1 Bd7
15. h4 Rfc8 16. Ng5 h6 17. Ne4 a4 18. Bb1 e5 19. d5 Na5 20. Qd3 Nb3 21. Rc3 f5
22. Ng3 e4 23. Qd1 Ra5 24. Ne2 Qd6 25. Nf4 c6 26. dxc6 Qxd1+ 27. Kxd1 Rxc6 28.
Rxc6 Bxc6 29. Ba2 Bd5 30. Bxb3 Bxb3+ 31. Kd2 Rb5 32. Rc1 g5 33. hxg5 hxg5 34.
Ne2 Be6 35. Nd4 Rxb2+ 36. Kc3 Rb6 37. Nxe6 Rxe6 38. Kd4 Kf7 39. Rc7+ Kf6 40.
Rxb7 Rd6+ 41. Kc4 Rd2 42. Rb6+ Kg7 43. f3 Rxg2 44. fxe4 fxe4 45. Kd4 Ra2 46.
Kxe4 Rxa3 47. Ra6 Ra1 48. Kf3 a3 49. e4 1/2-1/2

[Event "World Rapid 2022"]
[Site "Almaty KAZ"]
[Date "2022.12.26"]
[Round "4.58"]
[White "Vallejo Pons, Francisco"]
[Black "Harutyunyan, Tigran K."]
[Result "1/2-1/2"]
[WhiteTitle "GM"]
[BlackTitle "GM"]
[WhiteElo "2716"]
[BlackElo "2511"]
[WhiteFideId "2205530"]
[BlackFideId "13303635"]
[EventDate "2022.12.26"]

1. e4 e5 2. Nf3 Nc6 3. Bb5 Nf6 4. d3 Bc5 5. Bxc6 dxc6 6. Nbd2 Nd7 7. Nc4 O-O 8.
Qe2 Re8 9. h4 a5 10. h5 b5 11. Ne3 Nf8 12. Nf5 f6 13. N3h4 Ne6 14. Qg4 Ng5 15.
g3 Bb4+ 16. Kf1 Bf8 17. f4 Nf7 18. h6 Bxf5 19. Nxf5 g6 20. Nh4 Nxh6 21. Qh3 Bg7
22. f5 g5 23. Ng2 c5 24. Ke2 c4 25. Be3 Qd7 26. Rad1 Qc6 27. Qh5 Rad8 28. Ne1
Re7 29. Rd2 Red7 30. Nf3 Bf8 31. Nxg5 cxd3+ 32. cxd3 fxg5 33. Qxg5+ Kh8 34. Rxh6
Bxh6 35. Qxh6 Rd6 36. Qg5 Rg8 37. Qe7 Re8 38. Qf7 Rf6 39. Qh5 Rd6 40. g4 Red8
41. Qf7 R6d7 42. Qb3 a4 43. Qc3 Qxc3 44. bxc3 Kg7 45. d4 b4 46. cxb4 exd4 47.
Bf4 d3+ 48. Ke3 a3 49. e5 Rd4 50. e6 Rxb4 51. Be5+ Kf8 52. Bxc7 Rd5 53. Rxd3
Rxd3+ 54. Kxd3 Ke7 55. g5 Rb2 56. Be5 Rxa2 57. Bc3 Rf2 58. Bb4+ Ke8 59. f6 a2
60. f7+ Rxf7 61. exf7+ Kxf7 62. Bc3 Kg6 1/2-1/2

[Event "World Rapid 2022"]
[Site "Almaty KAZ"]
[Date "2022.12.26"]
[Round "4.59"]
[White "Rakhmanov, Aleksandr"]
[Black "Tang, Andrew"]
[Result "1-0"]
[WhiteTitle "GM"]
[BlackTitle "GM"]
[WhiteElo "2630"]
[BlackElo "2540"]
[WhiteFideId "4173708"]
[BlackFideId "2059630"]
[EventDate "2022.12.26"]

1. d4 d5 2. c4 e6 3. Nc3 Be7 4. Bf4 Nf6 5. a3 O-O 6. e3 b6 7. Nb5 Na6 8. Rc1 Bb7
9. Nf3 c5 10. cxd5 Nxd5 11. Bg3 cxd4 12. exd4 Nf6 13. Be2 Ne4 14. Be5 Nd6 15.
O-O Nxb5 16. Bxb5 Bd6 17. Bc6 Bxc6 18. Rxc6 Bxe5 19. dxe5 Qe7 20. Qc2 Rad8 21.
h4 h6 22. b4 Qb7 23. Rc4 Rd7 24. Rc1 Rfd8 25. Rc8 Rxc8 26. Qxc8+ Kh7 27. Qe8 Re7
28. Qb5 Rd7 29. h5 Rd5 30. Qc4 Rd7 31. Qc2+ Kg8 32. Qc8+ Kh7 33. Qxb7 Rxb7 34.
Nd4 Nc7 35. g3 Kg8 36. Kg2 Kf8 37. Kf3 Ke8 38. Ke4 Kd7 39. f4 Nd5 40. f5 Rc7 41.
Rxc7+ Nxc7 42. g4 Nd5 43. b5 Nc3+ 44. Kd3 Nd5 45. a4 exf5 46. Nxf5 Nf4+ 47. Ke4
Ne6 48. Kd5 Nc7+ 49. Kd4 Ne8 50. Ke4 Ke6 51. Nd4+ Kd7 52. Nc6 a5 53. Nd4 g6 54.
g5 Ke7 55. gxh6 Kf8 56. hxg6 fxg6 1-0

[Event "World Rapid 2022"]
[Site "Almaty KAZ"]
[Date "2022.12.26"]
[Round "4.60"]
[White "Narayanan, S.L."]
[Black "Khusnutdinov, Rustam"]
[Result "1-0"]
[WhiteTitle "GM"]
[BlackTitle "GM"]
[WhiteElo "2669"]
[BlackElo "2441"]
[WhiteFideId "5058422"]
[BlackFideId "13701703"]
[EventDate "2022.12.26"]

1. d4 e6 2. Nf3 c5 3. e4 cxd4 4. Nxd4 a6 5. Bd3 Bc5 6. Nb3 Ba7 7. Qe2 Ne7 8. Nc3
d6 9. Be3 Nbc6 10. O-O-O b5 11. f4 O-O 12. e5 d5 13. Bxa7 Rxa7 14. Kb1 Nb4 15.
Qf2 Rc7 16. Be2 Nxc2 17. Ne4 Nf5 18. Nec5 Nce3 19. Rd3 Nc4 20. g4 Ne7 21. Rh3
Ng6 22. g5 Re8 23. Rd1 Qe7 24. Nd3 d4 25. Nxd4 Rd8 26. Nb3 Rcd7 27. Rg3 Bb7 28.
Rgg1 Be4 29. Nc5 Rd4 30. Nxe4 Rxe4 31. h4 Red4 32. h5 Nf8 33. h6 g6 34. Rge1 Qc7
35. Bf1 R8d5 36. Qc2 Qd8 37. Ka1 Qa5 38. Qc3 Qd8 39. b3 Na3 40. Be2 a5 41. Nf2
b4 42. Qc1 Qb6 43. Ng4 Rc5 44. Nf6+ Kh8 45. Bc4 Qd8 46. Ne4 Rc7 47. Nd6 Rxd1 48.
Qxd1 Kg8 49. Qd2 Qa8 50. Rd1 Qf3 51. Rc1 Qc6 52. Kb2 Qf3 53. Nb5 Rd7 54. Nd6 Rc7
55. Bd3 Rxc1 56. Kxc1 Nd7 57. Ne4 Kf8 58. Kb2 Qh1 59. Bc2 Nxc2 60. Qxd7 Qa1+ 61.
Kxc2 Qxa2+ 62. Kc1 Qa1+ 63. Kd2 Qb2+ 64. Ke1 Qb1+ 65. Kf2 Qc2+ 66. Nd2 1-0

[Event "World Rapid 2022"]
[Site "Almaty KAZ"]
[Date "2022.12.26"]
[Round "4.61"]
[White "Tari, Aryan"]
[Black "Batsuren, Dambasuren"]
[Result "1-0"]
[WhiteTitle "GM"]
[BlackTitle "GM"]
[WhiteElo "2659"]
[BlackElo "2525"]
[WhiteFideId "1510045"]
[BlackFideId "4902920"]
[EventDate "2022.12.26"]

1. e4 e5 2. Nf3 Nc6 3. d4 exd4 4. Nxd4 Nf6 5. Nxc6 bxc6 6. Nd2 d5 7. exd5 cxd5
8. Bb5+ Bd7 9. Bxd7+ Qxd7 10. O-O Be7 11. b3 O-O 12. Bb2 a5 13. a4 Rfe8 14. Qf3
Qg4 15. Rad1 c6 16. Qc3 Qc8 17. Rfe1 Bb4 18. Rxe8+ Qxe8 19. Qd3 Qe6 20. Nf3 Ne4
21. Nd4 Qf6 22. Qf3 Qg6 23. Nf5 Ng5 24. Qd3 Ne6 25. Qf3 Ng5 26. Qg4 Bf8 27. h4
Ne6 28. Qf3 h5 29. Re1 Ra7 30. g3 Bc5 31. Kg2 Qg4 32. Qxg4 hxg4 33. h5 Kh7 34.
Rh1 Rb7 35. Bc3 Bb4 36. Bb2 Bc5 37. Re1 Bb4 38. Re2 Bc5 39. Bc3 Bb4 40. Be5 Bc5
41. Re1 g6 42. hxg6+ Kxg6 43. Nh4+ Kg5 44. Bc3 Bb4 45. Re5+ Kh6 46. Bb2 Bc5 47.
Re1 Kg5 48. Re5+ Kh6 49. Rf5 Bd4 50. Bc1+ Kg7 51. Bd2 Ra7 52. Rh5 Bf6 53. f3
gxf3+ 54. Nxf3 Nd4 55. Nxd4 Bxd4 56. Kf3 Bb6 57. Re5 Ra8 58. g4 Rh8 59. Rh5 Re8
60. c4 dxc4 61. bxc4 Ra8 62. Bc3+ Kg6 63. Rf5 Ra7 64. Rf6+ Kh7 65. g5 Kg8 66.
Rh6 Kf8 67. Rxc6 Rb7 68. Bf6 Ke8 69. Ke4 Kd7 70. Kd5 Bc7 71. Ra6 Rb1 72. c5 Rd1+
73. Bd4 Bf4 74. c6+ Kc8 75. Ra8+ Kc7 76. Ra7+ Kb8 77. Rxa5 Be3 78. Rb5+ Kc7 79.
Rb7+ Kc8 80. Rb4 Bxg5 81. a5 Bd2 82. a6 Bxb4 83. a7 1-0

[Event "World Rapid 2022"]
[Site "Almaty KAZ"]
[Date "2022.12.26"]
[Round "4.62"]
[White "Kostenko, Petr"]
[Black "Sadhwani, Raunak"]
[Result "0-1"]
[WhiteTitle "GM"]
[BlackTitle "GM"]
[WhiteElo "2374"]
[BlackElo "2627"]
[WhiteFideId "13700669"]
[BlackFideId "35093487"]
[EventDate "2022.12.26"]

1. c4 e5 2. Nc3 d6 3. g3 f5 4. d4 e4 5. f3 Nf6 6. fxe4 Nxe4 7. Nxe4 fxe4 8. Bh3
d5 9. cxd5 Bb4+ 10. Bd2 Bxd2+ 11. Qxd2 O-O 12. Qa5 Qf6 13. O-O-O Qh6+ 14. Qd2 e3
15. Qc3 Bxh3 16. Nxh3 Qxh3 17. Qxe3 Nd7 18. Qb3 Qh6+ 19. Kb1 Qb6 20. Qc4 Kh8 21.
e4 Qg6 22. Rhe1 Nf6 23. Qxc7 Nxe4 24. Ka1 Rab8 25. Rc1 h6 26. a3 Kh7 27. Re2
Rbc8 28. Qxc8 Rxc8 29. Rxc8 Qf5 30. Rc1 Qxd5 31. Rce1 Nd6 32. Rd1 Nc4 33. Kb1
Qf3 34. Rde1 Qd3+ 35. Ka2 Qxd4 36. Rc1 Qd5 37. Ka1 a5 38. Rce1 b5 39. g4 b4 40.
axb4 axb4 41. Re8 b3 42. Ra8 Qxa8+ 0-1

[Event "World Rapid 2022"]
[Site "Almaty KAZ"]
[Date "2022.12.26"]
[Round "4.63"]
[White "Khripachenko, Alexander"]
[Black "Kovalev, Vladislav"]
[Result "1/2-1/2"]
[WhiteTitle "FM"]
[BlackTitle "GM"]
[WhiteElo "2219"]
[BlackElo "2623"]
[WhiteFideId "54184975"]
[BlackFideId "13504398"]
[EventDate "2022.12.26"]

1. e4 e5 2. Nf3 Nc6 3. Bb5 a6 4. Bxc6 dxc6 5. Nc3 f6 6. d4 exd4 7. Qxd4 Qxd4 8.
Nxd4 Bd6 9. Nde2 Be6 10. Bf4 O-O-O 11. O-O-O Ne7 12. Bxd6 cxd6 13. h4 Bf7 14.
Nf4 Rhe8 15. h5 d5 16. exd5 Nxd5 17. Ncxd5 Bxd5 18. Nxd5 Rxd5 19. Rxd5 cxd5 20.
Rh4 1/2-1/2

[Event "World Rapid 2022"]
[Site "Almaty KAZ"]
[Date "2022.12.26"]
[Round "4.64"]
[White "Lintchevski, Daniil"]
[Black "Arjun, Kalyan"]
[Result "1/2-1/2"]
[WhiteTitle "GM"]
[BlackTitle "GM"]
[WhiteElo "2548"]
[BlackElo "2505"]
[WhiteFideId "4171055"]
[BlackFideId "35018701"]
[EventDate "2022.12.26"]

1. e4 e5 2. Nf3 Nc6 3. Nc3 Nf6 4. h3 d5 5. exd5 Nxd5 6. Bb5 Nxc3 7. bxc3 Bd6 8.
O-O O-O 9. Re1 Qf6 10. d4 exd4 11. cxd4 h6 12. Rb1 Bf5 13. Bf1 b6 14. Rb3 Nb4
15. Rb2 c5 16. c3 Nc6 17. g4 Bg6 18. Bg2 Rac8 19. Rbe2 cxd4 20. cxd4 Bb4 21. Rf1
Rfe8 22. Bb2 Rxe2 23. Qxe2 Qe7 24. Qa6 Rd8 25. Rc1 Be4 26. Qe2 Bxf3 27. Qxe7
Bxe7 28. Bxf3 Nxd4 29. Bxd4 Rxd4 30. Rc8+ Bf8 31. Be2 g5 32. Bc4 Kg7 33. Rc7 Rf4
34. Bb3 a5 35. Kg2 Bc5 36. f3 a4 37. Bd5 Kf8 38. Be4 Rf6 39. Rc6 Ke7 40. Rxf6
Kxf6 41. Bc6 a3 42. Bd5 Ke7 43. Bc4 f6 44. Bb3 Kd6 45. Bc4 Ke5 46. Bb3 f5 47.
gxf5 Kxf5 48. Bc2+ Kf4 49. Bb3 b5 50. Bd5 b4 51. Bb3 h5 52. Bc4 Ke3 53. Bb3 Bd6
54. Bc4 Kd4 55. Bb3 Kc3 56. Bd5 Bf4 57. Bb3 h4 58. Bd5 Kd4 59. Bb3 Ke3 60. Bc4
Be5 61. Bb3 Bf4 62. Bc4 Be5 63. Bb3 Bf4 64. Bc4 Be5 65. Bb3 1/2-1/2

[Event "World Rapid 2022"]
[Site "Almaty KAZ"]
[Date "2022.12.26"]
[Round "4.65"]
[White "Mamedov, Edgar"]
[Black "Petrov, Nikita"]
[Result "0-1"]
[WhiteTitle "FM"]
[BlackTitle "GM"]
[WhiteElo "2283"]
[BlackElo "2537"]
[WhiteFideId "13739980"]
[BlackFideId "4101286"]
[EventDate "2022.12.26"]

1. Nf3 d5 2. d4 Nf6 3. e3 c5 4. dxc5 e6 5. a3 Bxc5 6. b4 Be7 7. Bb2 a5 8. b5 O-O
9. a4 Nbd7 10. Nbd2 b6 11. Be2 Bb7 12. O-O Rc8 13. c4 Bb4 14. Rc1 Qe7 15. Ne5
Nxe5 16. Bxe5 Rfd8 17. Bd4 e5 18. Bxb6 dxc4 19. Bxd8 Rxd8 20. Rxc4 Rxd2 21. Qc1
g6 22. Rc7 Rd7 23. Rxd7 Qxd7 24. Rd1 Qe7 25. Qc4 Ne4 26. b6 Nc3 27. Rc1 Nxe2+
28. Qxe2 Qe6 29. Rc7 Qxb6 30. Qc4 Be7 31. h3 Kf8 32. Rd7 Bc6 33. Rd1 Kg7 34. Rc1
Be8 35. Qe4 Bd6 36. g4 Qb4 37. Qa8 Bd7 38. Qd8 Be6 39. g5 Be7 40. Qc7 Bxg5 41.
Qxe5+ Bf6 42. Qb5 Qe4 43. Qf1 Bd5 44. Kh2 Qf3 0-1

[Event "World Rapid 2022"]
[Site "Almaty KAZ"]
[Date "2022.12.26"]
[Round "4.66"]
[White "Narayanan, Srinath"]
[Black "Burmakin, Vladimir"]
[Result "1/2-1/2"]
[WhiteTitle "GM"]
[BlackTitle "GM"]
[WhiteElo "2559"]
[BlackElo "2498"]
[WhiteFideId "5018420"]
[BlackFideId "4105109"]
[EventDate "2022.12.26"]

1. d4 d5 2. Bf4 Nf6 3. e3 c6 4. c4 Qb6 5. Qb3 dxc4 6. Bxc4 Qxb3 7. Bxb3 Bf5 8.
Nc3 e6 9. f3 Nbd7 10. e4 Bg6 11. Nge2 Be7 12. h4 h6 13. g4 a5 14. Kf2 Nb6 15. a3
Nfd7 16. g5 a4 17. Ba2 hxg5 18. hxg5 O-O-O 19. Rac1 Rxh1 20. Rxh1 e5 21. dxe5
Nc5 22. Be3 Nbd7 23. e6 fxe6 24. Nf4 Nf8 25. Ke2 e5 26. Bxc5 Bxc5 27. Nd3 Bd4
28. Nxa4 Kc7 29. Nac5 b6 30. Ne6+ Nxe6 31. Bxe6 Rf8 32. a4 Kd6 33. Bc4 Ra8 34.
Bb3 Rb8 35. Kd2 b5 36. axb5 Rxb5 37. Kc2 Rb8 38. Bc4 Rf8 39. Rh3 Be3 40. b3 Be8
41. g6 Bxg6 42. Rg3 Rf6 43. Kd1 Bh6 44. Ke2 Be8 45. Nf2 Bd7 46. Rg1 Rf8 47. Nd3
Re8 48. Rg6+ Kc7 49. Nc5 Bc8 50. b4 Rd8 51. Be6 Rd6 52. Bf7 Rxg6 53. Bxg6 Kb6
54. Kd3 Ba6+ 55. Kc3 Bf4 56. Nd7+ Kc7 57. Nc5 Be2 58. Bh5 g5 59. Bg4 Kd6 60. Nb3
Be3 61. Na5 Kc7 62. Nc4 1/2-1/2

[Event "World Rapid 2022"]
[Site "Almaty KAZ"]
[Date "2022.12.26"]
[Round "4.68"]
[White "Tulendinov, Dinmukhammed"]
[Black "Makhnev, Denis"]
[Result "0-1"]
[WhiteTitle "CM"]
[BlackTitle "GM"]
[WhiteElo "1948"]
[BlackElo "2481"]
[WhiteFideId "13730860"]
[BlackFideId "13707647"]
[EventDate "2022.12.26"]

1. e4 e5 2. Nf3 Nc6 3. Bb5 a6 4. Bxc6 dxc6 5. O-O Qd6 6. d4 exd4 7. Nxd4 c5 8.
Nb3 Be6 9. Be3 b6 10. Nc3 Nf6 11. h3 Be7 12. Qxd6 cxd6 13. Rad1 O-O-O 14. f4
Rhe8 15. g4 Bf8 16. g5 Nxe4 17. Nd5 Bxh3 18. Rfe1 Kb7 19. c4 f6 20. Kh2 Bg4 21.
Rc1 Be6 22. Rcd1 g6 23. Kg2 fxg5 24. fxg5 Bg7 25. Bc1 Bg4 26. Rd3 Bf5 27. Rde3
Re5 28. R3e2 Rde8 29. Bf4 R5e6 30. Nc1 Kc6 31. Kf3 b5 32. b3 Nc3 33. Rxe6 Bxe6
34. Nf6 Bg4+ 35. Kf2 Rxe1 36. Kxe1 Bxf6 37. gxf6 Be6 38. Kd2 Ne4+ 0-1

[Event "World Rapid 2022"]
[Site "Almaty KAZ"]
[Date "2022.12.26"]
[Round "4.69"]
[White "Asadli, Vugar"]
[Black "Uskov, Artem"]
[Result "1-0"]
[WhiteTitle "GM"]
[BlackTitle "FM"]
[WhiteElo "2567"]
[BlackElo "2376"]
[WhiteFideId "13405764"]
[BlackFideId "34254854"]
[EventDate "2022.12.26"]

1. e4 e5 2. Nf3 Nc6 3. Bb5 a6 4. Ba4 Nf6 5. d4 exd4 6. O-O Be7 7. e5 Ne4 8. Nxd4
Nc5 9. Nf5 g6 10. Nxe7 Qxe7 11. Nc3 O-O 12. Bh6 Re8 13. Nd5 Qxe5 14. f4 Qd6 15.
Bxc6 dxc6 16. Qd4 f6 17. Qxf6 Qxf6 18. Nxf6+ Kf7 19. Nxe8 Kxe8 20. Rae1+ Kf7 21.
Re5 Nd7 22. Re3 Nf6 23. Rfe1 Nd5 24. Re5 b5 25. h3 Bd7 26. g4 a5 27. Bg5 Re8 28.
Rxe8 Bxe8 29. Kf2 Bd7 30. Kg3 Be6 31. Re5 a4 32. a3 Bd7 33. Bd8 Be6 34. f5 gxf5
35. gxf5 Bc8 36. Kg4 h6 37. Kh5 Kg7 38. f6+ Kh7 39. Re8 Bf5 40. Kh4 Bg6 41. Re2
c5 42. Bxc7 Kg8 1-0

[Event "World Rapid 2022"]
[Site "Almaty KAZ"]
[Date "2022.12.26"]
[Round "4.70"]
[White "Ivic, Velimir"]
[Black "Ansat, Aldiyar"]
[Result "1-0"]
[WhiteTitle "GM"]
[BlackTitle "IM"]
[WhiteElo "2572"]
[BlackElo "2291"]
[WhiteFideId "950122"]
[BlackFideId "13715658"]
[EventDate "2022.12.26"]

1. e4 c5 2. Nf3 Nc6 3. Bb5 e6 4. O-O Nge7 5. Re1 a6 6. Bf1 d5 7. exd5 Nxd5 8. d4
Nf6 9. Be3 Be7 10. c4 O-O 11. Nc3 cxd4 12. Nxd4 Qc7 13. Nxc6 Qxc6 14. h3 b6 15.
Qa4 Qc7 16. b4 Bb7 17. Qb3 Rfd8 18. Rac1 a5 19. bxa5 bxa5 20. Bb6 Qc6 21. Bxd8
Rxd8 22. Rcd1 Rc8 23. Qb5 Qc7 24. Qe5 Qxe5 25. Rxe5 Bb4 26. Re3 Kf8 27. g3 h5
28. Be2 g6 29. Kf1 Kg7 30. Nb5 Ne4 31. Red3 Rxc4 32. Rd7 Bd5 33. R1xd5 exd5 34.
Bxc4 dxc4 35. Ke2 Bc5 36. Rc7 Kf6 37. f4 Bb4 38. g4 hxg4 39. hxg4 c3 40. Ke3 Ng3
41. Nxc3 Nf1+ 42. Ke2 Nh2 43. Ne4+ Kg7 44. g5 Kf8 45. Nf6 Ba3 46. Rc3 Bd6 47.
Rc8+ 1-0

[Event "World Rapid 2022"]
[Site "Almaty KAZ"]
[Date "2022.12.26"]
[Round "4.71"]
[White "Kadric, Denis"]
[Black "Damjanovic, Vuk"]
[Result "1/2-1/2"]
[WhiteTitle "GM"]
[BlackTitle "FM"]
[WhiteElo "2584"]
[BlackElo "2361"]
[WhiteFideId "14403803"]
[BlackFideId "980021"]
[EventDate "2022.12.26"]

1. e4 Nc6 2. Nf3 d6 3. d4 Nf6 4. Nc3 g6 5. d5 Nb8 6. Be3 Bg4 7. Qd2 Bxf3 8. gxf3
c6 9. O-O-O Nbd7 10. f4 Bg7 11. dxc6 bxc6 12. Bh3 Qc7 13. f5 Rb8 14. b3 Qa5 15.
Kb1 Ne5 16. Nd5 Qa3 17. Nxf6+ Bxf6 18. Qc1 Qb4 19. Rd4 Nc4 20. c3 Qc5 21. Rd3
Qa5 22. Bd4 Ne5 23. Rg3 g5 24. Rxg5 c5 25. Bxe5 Bxe5 26. Rhg1 Qxc3 27. Qxc3 Bxc3
28. Rg8+ Kd7 29. f6+ e6 30. Rxb8 Rxb8 31. Rg7 Rf8 32. Rxh7 Bxf6 33. Bg4 Ke7 34.
Bh5 Be5 35. h3 Bd4 36. f3 Be5 37. Kc2 d5 38. Kd3 Bf4 39. Ke2 1/2-1/2

[Event "World Rapid 2022"]
[Site "Almaty KAZ"]
[Date "2022.12.26"]
[Round "4.72"]
[White "Cheng, Bobby"]
[Black "Korelskiy, Egor"]
[Result "1-0"]
[WhiteTitle "GM"]
[BlackTitle "FM"]
[WhiteElo "2583"]
[BlackElo "2153"]
[WhiteFideId "4300033"]
[BlackFideId "34329064"]
[EventDate "2022.12.26"]

1. d4 d5 2. c4 c6 3. Nf3 e6 4. e3 f5 5. Be2 Nf6 6. O-O Bd6 7. b3 Qe7 8. a4 O-O
9. Ba3 Nbd7 10. Qc2 Ne4 11. Bxd6 Qxd6 12. a5 a6 13. Nc3 Nxc3 14. Qxc3 Nf6 15.
Ne5 Nd7 16. Nd3 Nf6 17. Qb4 Qxb4 18. Nxb4 Bd7 19. Nd3 Rab8 20. Rfc1 Be8 21. Nc5
Kf7 22. f3 Nd7 23. Nd3 Ke7 24. Ra4 Bf7 25. Rb4 Kd6 26. f4 Rfc8 27. Rd1 h6 28. g4
g6 29. Kf2 Rg8 30. Rg1 Kc7 31. Rg3 Nf6 32. Ke1 Nd7 33. Bf3 Rbe8 34. Ke2 Rb8 35.
Rg1 Kd6 36. Kd2 Kc7 37. Be2 Kd6 38. Rc1 Rgc8 39. Ra1 h5 40. h3 hxg4 41. hxg4 Kc7
42. Rg1 Rg8 43. Ra4 Rbf8 44. Raa1 Rh8 45. Rg2 Rfg8 46. Rag1 Kd8 47. b4 dxc4 48.
Nc5 Nxc5 49. bxc5 Kc7 50. Bxc4 Rf8 51. gxf5 gxf5 52. Rg7 Kb8 53. Kd3 Ka8 54.
R1g5 Rh6 55. e4 fxe4+ 56. Kxe4 Kb8 57. Ke5 Rh1 58. Rg1 Rh3 59. R7g3 Rh4 60. Rg4
Rh3 61. R1g3 Rh1 62. Re3 Rh5+ 63. Rg5 Rh4 64. Rg7 Rh5+ 65. Ke4 Rh4 66. Rf3 Bh5
67. Rf2 Bf7 68. Ke5 Rh5+ 69. Rg5 Rh4 70. Bd3 Ka7 71. Be4 Ka8 72. Rg7 Kb8 73. Kd6
Rd8+ 74. Ke5 Rf8 75. Rg3 Ka8 76. Rb2 Bh5 77. Rf2 Bg4 78. Rg1 Rh5+ 79. Kd6 Rd8+
80. Ke7 Rxd4 81. Bxc6 bxc6 82. Rxg4 Rxc5 83. Kxe6 Rxa5 84. Rg7 Re4+ 85. Kf6 Re8
86. f5 c5 87. Kg6 c4 88. f6 Re6 89. Rh2 Rb5 90. Rh8+ Rb8 91. Rxb8+ Kxb8 92. Kf5
Re1 93. f7 Rf1+ 94. Ke4 c3 95. Rg8+ Kb7 96. f8=Q Rxf8 97. Rxf8 c2 98. Rf1 1-0

[Event "World Rapid 2022"]
[Site "Almaty KAZ"]
[Date "2022.12.26"]
[Round "4.73"]
[White "Akhilbay, Imangali"]
[Black "Makarian, Rudik"]
[Result "1-0"]
[BlackTitle "IM"]
[WhiteElo "2140"]
[BlackElo "2554"]
[WhiteFideId "13734857"]
[BlackFideId "44105681"]
[EventDate "2022.12.26"]

1. d4 Nf6 2. Bf4 c5 3. dxc5 Qa5+ 4. Nc3 Qxc5 5. e4 d6 6. Qd2 g6 7. f3 Nc6 8.
O-O-O Be6 9. Kb1 Rc8 10. Be3 Qa5 11. Nd5 Bxd5 12. exd5 Nb4 13. a3 Nfxd5 14. Bd4
Rxc2 15. Qe1 f6 16. axb4 Nxb4 17. Qxb4 Qxb4 18. Kxc2 Bg7 19. b3 Kf7 20. Bc4+ d5
21. Bc3 Qb6 22. Rxd5 e6 23. Rd7+ Kg8 24. Ne2 h5 25. Nd4 Kh7 26. Nxe6 Qf2+ 27.
Kb1 Qxg2 28. Rxg7+ Kh6 29. Rd1 Qxf3 30. Bd2+ g5 31. Rf1 Qe4+ 32. Kc1 Rf8 33.
Rxf6+ 1-0

[Event "World Rapid 2022"]
[Site "Almaty KAZ"]
[Date "2022.12.26"]
[Round "4.79"]
[White "Averin, Nikolay"]
[Black "Svane, Frederik"]
[Result "1-0"]
[WhiteTitle "FM"]
[BlackTitle "GM"]
[WhiteElo "2342"]
[BlackElo "2568"]
[WhiteFideId "24250473"]
[BlackFideId "12923044"]
[EventDate "2022.12.26"]

1. e4 c5 2. Nf3 e6 3. d4 cxd4 4. Nxd4 Nc6 5. Nb5 d6 6. c4 Nf6 7. N1c3 a6 8. Na3
Be7 9. Be2 O-O 10. Be3 b6 11. O-O Bb7 12. Qb3 Nd7 13. Qc2 Rc8 14. Qd2 Qc7 15.
Rac1 Nc5 16. Rfd1 Rfd8 17. f3 Qb8 18. Nc2 Ne5 19. Nd4 Re8 20. b4 Ncd7 21. Na4
Bd8 22. Nb2 Bc7 23. Kh1 Ng6 24. Bf1 Nf6 25. Nd3 d5 26. exd5 exd5 27. c5 Bxh2 28.
cxb6 Nh5 29. f4 Bg3 30. Nf5 d4 31. Nxd4 Rxc1 32. Rxc1 Qd8 33. Nf5 Nh4 34. Nc5
Qf6 35. Nxg3 Nxg3+ 36. Kg1 Nhf5 37. Qd7 Bc6 38. Qxe8+ Bxe8 39. b7 Qb6 40. Bf2
Bc6 41. Bxa6 Bxb7 42. Nxb7 Qe6 43. Re1 Qd7 44. Nc5 Qd8 45. Nb7 Qd7 46. Nc5 Qd8
47. b5 h5 48. Ne4 Nxe4 49. Rxe4 Qa5 50. a4 Nd6 51. Rd4 Nf5 52. Rc4 Nd6 53. Rd4
Nf5 54. Rd5 Ne3 55. Rxh5 Qxa4 56. Bxe3 Qd1+ 57. Kf2 Qxh5 58. b6 Qh4+ 59. Kf1 Qd8
60. b7 Qb8 61. Kf2 Kf8 62. Kf3 Ke7 63. f5 Qd6 64. Bf4 Qxa6 65. b8=Q Qd3+ 66. Kf2
Qxf5 67. Qe5+ Qxe5 68. Bxe5 g5 69. Kf3 Ke6 70. Bb2 f5 71. Bc1 Kf6 72. Ke3 Kg6
73. Bd2 Kh5 74. Kf3 Kh4 75. Ba5 Kh5 76. Bd8 Kh4 77. Be7 Kh5 78. Kg3 Kg6 79. Bd8
Kh5 80. Bc7 Kg6 81. Kf3 Kh5 82. Bg3 Kg6 83. Bf2 Kh5 84. Be1 Kg6 85. Ke3 Kh5 86.
Kd4 Kg4 87. Ke5 f4 88. Ke4 Kh5 89. Kf5 Kh6 90. Kg4 1-0

[Event "World Rapid 2022"]
[Site "Almaty KAZ"]
[Date "2022.12.26"]
[Round "4.80"]
[White "Hambleton, Aman"]
[Black "Sapenov, Daniyal"]
[Result "0-1"]
[WhiteTitle "GM"]
[BlackTitle "FM"]
[WhiteElo "2437"]
[BlackElo "2323"]
[WhiteFideId "2606577"]
[BlackFideId "13728911"]
[EventDate "2022.12.26"]

1. d4 Nf6 2. Bf4 e6 3. e3 Be7 4. Nd2 c5 5. c3 b6 6. h3 O-O 7. Ngf3 Ba6 8. Bxa6
Nxa6 9. Qe2 Qc8 10. O-O Qb7 11. a4 Rac8 12. Rfe1 Rfd8 13. Bg5 d6 14. Nc4 Nb8 15.
Qd3 h6 16. Bh4 Nc6 17. Bxf6 Bxf6 18. d5 Ne5 19. Nfxe5 dxe5 20. d6 Rd7 21. Red1
Rcd8 22. Qc2 Qc6 23. Qb3 Rb8 24. Qb5 Qc8 25. a5 a6 26. Qb3 bxa5 27. Qa4 Rb5 28.
Nxa5 Rxb2 29. Nc4 Rb8 30. e4 Qb7 31. f3 Rbd8 32. Qxa6 Qb3 33. Qa4 Qxc3 34. Ra3
Qb4 35. Rc1 Bg5 36. Rd1 Bf6 37. Qc2 Rb7 38. Kh2 Bg5 0-1

[Event "World Rapid 2022"]
[Site "Almaty KAZ"]
[Date "2022.12.26"]
[Round "4.82"]
[White "Daneshvar, Bardiya"]
[Black "Everett, Elijah"]
[Result "1-0"]
[WhiteTitle "IM"]
[WhiteElo "2500"]
[BlackElo "2202"]
[WhiteFideId "12576468"]
[BlackFideId "12973696"]
[EventDate "2022.12.26"]

1. Nf3 Nf6 2. c4 g6 3. Nc3 Bg7 4. e4 d6 5. d4 O-O 6. Be2 e5 7. O-O Nc6 8. d5 Ne7
9. b4 Nh5 10. Re1 f5 11. a4 a5 12. bxa5 Rxa5 13. exf5 Nxf5 14. Bg5 Nf6 15. Bd3
Bd7 16. Nb5 b6 17. Bd2 Ra8 18. Ng5 Ne8 19. Be4 Nf6 20. Bc2 Ne8 21. Ra3 Bh6 22.
Qc1 Qf6 23. Rh3 Nh4 24. Ne4 Bxd2 25. Nxf6+ Rxf6 26. Qxd2 Bxh3 27. Be4 Rf4 28.
Qc3 Bf5 29. Bxf5 gxf5 30. g3 Rf3 31. Re3 Rxe3 32. Qxe3 Ng6 33. Qg5 Rxa4 34. Qd8
Kf7 35. Nxc7 Ra1+ 36. Kg2 Nxc7 37. Qxc7+ Ne7 38. Qxd6 Rc1 39. Qe6+ Kf8 40. d6 1-0

[Event "World Rapid 2022"]
[Site "Almaty KAZ"]
[Date "2022.12.26"]
[Round "4.83"]
[White "Munkhgal, Gombosuren"]
[Black "Suleimen, Ergali"]
[Result "1-0"]
[WhiteTitle "GM"]
[WhiteElo "2463"]
[BlackElo "2073"]
[WhiteFideId "4901266"]
[BlackFideId "13724452"]
[EventDate "2022.12.26"]

1. d4 Nf6 2. Bf4 g6 3. Nc3 Bg7 4. e4 d5 5. e5 Ne4 6. Nxe4 dxe4 7. Ne2 c5 8. dxc5
O-O 9. Nc3 Nc6 10. Qxd8 Rxd8 11. Nxe4 Bf5 12. Bd3 Nxe5 13. Bxe5 Bxe5 14. O-O-O
Rdc8 15. Rhe1 Rc7 16. g3 Rd8 17. c3 Rd5 18. Bc2 Bxe4 19. Rxd5 Bxd5 20. Rxe5 e6
21. b3 f6 22. Re3 e5 23. c4 Bf7 24. Be4 f5 25. Bg2 e4 26. f3 Rxc5 27. fxe4 b5
28. e5 bxc4 29. b4 Rb5 30. Bc6 Rb6 31. b5 Be6 32. a4 a5 33. Kc2 Rb8 34. Kc3 Rd8
35. b6 Kf7 36. Re1 f4 37. Be4 fxg3 38. hxg3 Ke7 39. b7 Rb8 40. Rb1 Bf5 41. Bxf5
gxf5 42. Kxc4 Kd7 43. Kd5 h5 44. e6+ Kc7 1-0